| 000 | 00731nam a2200229 i 4500 | ||
|---|---|---|---|
| 001 | 183526 | ||
| 003 | ES-MaACL | ||
| 005 | 20250804062634.0 | ||
| 008 | 140714s2009 sp | |||||||| |bita d | ||
| 020 | _a978-84-613-2780-5 | ||
| 080 | _a821.134.2-31"18" | ||
| 100 | 1 |
_aPérez Galdós, Benito, _d1843-1920 _990871 |
|
| 245 | 1 | 0 |
_aRealtà / _cBenito Pérez Galdós ; a cura di Sagrario del Río Zamudio. |
| 260 |
_a[Madrid] : _bIsidora, _cD.L. 2009. |
||
| 300 |
_a214 p. ; _c21 cm. |
||
| 504 | _aBibliografía: p. 51-54. | ||
| 700 | 1 |
_aRío Zamudio, Sagrario del. _9154949 |
|
| 852 |
_aES-MaACL _jA-13138 _9190467 _bR.149964 _cDEPO1 _dOlim:N-6138 |
||
| 942 | _2udc | ||
| 999 |
_c183526 _d183526 |
||